High School Election Logic Puzzle Quiz Stats

 Plays Quiz Updated Jan 19, 2017

     
Support Sporcle.
Go Orange.
Score 0/30 Timer 15:00
4 Plays Today
% Correct
???
100%
???
78.7%
???
77.1%
???
64.6%
???
50.2%
???
50%
???
47%
???
46.7%
???
43.5%
???
42.4%
???
41.7%
???
41.4%
???
41.2%
???
39.7%
???
36.7%
% Correct
???
36.4%
???
35.9%
???
35.8%
???
23%
???
22.1%
???
21.7%
???
21.4%
???
20.6%
???
20.5%
???
20%
???
19.3%
???
19.1%
???
19.1%
???
19.1%
???
18.3%

From the Vault

Faces on TIME (1920s & 30s)

by googlebird

Hello guys and gals, it's your old friend the 1930s calling. Get your antiquated slang ready and see which celebrities you can name!
Remove Ads.
Support Sporcle.
Get the best of Sporcle when you Go Orange. This ad-free experience offers more features, more stats, and more fun while also helping to support Sporcle. Thank you for becoming a member.

Show Comments

Extras

Top Quizzes Today


Score Distribution

Your Account Isn't Verified!

In order to create a playlist on Sporcle, you need to verify the email address you used during registration. Go to your Sporcle Settings to finish the process.

Report this User

Report this user for behavior that violates our Community Guidelines.

Details: